Clash of Clans en Images - Statistiques

Statistiques générales
  • Ce quiz a été pris 1 303 fois
  • Le résultat moyen est 14 sur 16
Statistiques - réponses
Par images Réponse % Correct
P.E.K.K.A
100%
Géant
94%
Roi des barbares
94%
Arc-X
93%
Archer
92%
Hôtel de Ville
91%
Mineur
91%
Molosse de lave
91%
Tour de sorcier
91%
Château de Clan
89%
Mine d'or
89%
Extracteur d'Elixir
81%
Aigle artilleur
76%
Maison des ouvriers
75%
Grand gardien
72%
Championne Royale
70%
Aucun quiz correspondant
Distribution des résultats
% des personnes avec chaque résultat
Percentile par nombre de réponses
Votre historique - résultats
Vous n’avez pas pris ce quiz